[Event "FRA-chT U20 0203"]
[Site "Clichy"]
[Date "2003.05.04"]
[Round "11.2"]
[White "Baeumlin, Francois"]
[Black "Dubedout, Jacques"]
[Result "0-1"]
[WhiteElo "1984"]
[BlackElo "1770"]
[PlyCount "76"]
[EventDate "2002.12.??"]
[EventType "team-tourn"]
[EventRounds "11"]
[EventCountry "FRA"]
[SourceTitle "EXT 2004"]
[Source "ChessBase"]
[SourceDate "2003.11.25"]
[SourceVersion "1"]
[SourceVersionDate "2003.11.25"]
[SourceQuality "1"]
[WhiteTeam "Mulhouse"]
[BlackTeam "Pau"]
[WhiteTeamCountry "FRA"]
[BlackTeamCountry "FRA"]

1. e4 c5 2. Nf3 e6 3. d4 cxd4 4. Nxd4 Nf6 5. Nc3 Nc6 6. Be3 Bb4 7. f3 a6 8. Be2 Qc7 9. 0-0 0-0 10. Kh1 Ne7 11. Qd2 Ng6 12. Bg5 Be7 13. f4 h6 14. Bxf6 Bxf6 15. e5 Be7 16. Bh5 b5 17. Bxg6 fxg6 18. Qd3 Kh7 19. Rf3 Qd8 20. Rd1 Bb7 21. Rg3 Qe8 22. Nde2 Rd8 23. a4 b4 24. Ne4 Rf5 25. Nd6 Bxd6 26. Qxd6 Qf8 27. Qb6 Rb8 28. Qc7 Bc6 29. b3 g5 30. fxg5 Rxg5 31. Rxg5 hxg5 32. Qa7 Ra8 33. Qe3 Qf5 34. Nd4 Qg4 35. Nf3 Rf8 36. Nxg5+ Kg6 37. Nf3 Rxf3 38. Qd2 Rf2 0-1